000
00334 a2200133 4500
000
nam a22 7a 4500
100
_a
Bihari Lal
110
_a
Bihari Lal
245
_a
Shrimad bhagwat me pratibimbit sanskriti
250
_a
Latest edition
260
_b
Baba Publication
_c
2026
264
_b
Baba Publication
_c
2026
942
_c
BK
999
_c
395840
_d
395840